00000000nas 2200000zi 4500
0019.891260
003CaOODSP
00520251127143458
006m     o  d f      
007cr |||||||||||
008200908c20209999oncar p o    f0###a0eng|d
022 |a2563-5174
040 |aCaOODSP|beng|erda|cCaOODSP
043 |an-cn---
0861 |aPS106-8E-PDF
1102 |aNational Security and Intelligence Review Agency (Canada)|eauthor, |eissuing body.
222 0|aDepartmental results report |b(National Security and Intelligence Review Agency (Canada))
24510|aDepartmental results report.
2463 |iSome issues have title : |aNational Security and Intelligence Review Agency Secretariat's ... departmental results report
264 1|a[Ottawa] : |bNational Security and Intelligence Review Agency, |c[2020]-
310 |aAnnual
336 |atext|btxt|2rdacontent
337 |acomputer|bc|2rdamedia
338 |aonline resource|bcr|2rdacarrier
3621 |aBegan with 2019-20.
500 |aIssued also in French under title: Rapport sur les résultats ministériels.
580 |aMerger of: Departmental results report (Security Intelligence Review Committee); and, part of Departmental results report (Office of the Communications Security Establishment Commissioner).
588 |aDescription based on: 2019-20.
588 |aLatest issue consulted: 2019-20.
61020|aNational Security and Intelligence Review Agency (Canada)|xAppropriations and expenditures|vPeriodicals.
650 0|aExpenditures, Public|vPeriodicals.
655 7|aPeriodicals|2lcgft
77508|tRapport sur les résultats ministériels.|w(CaOODSP)9.891259
78000|tDepartmental results report |w(CaOODSP)9.841504
78000|tDepartmental results report |w(CaOODSP)9.842745